00772nam a2200229Ia 4500003000900000008004100009020001600050040001600066080001600082100002600098245012300124260003900247300001300286650002000299650003600319650001900355650002400374700002400398942000700422999001500429952009800444IN-BaIIA211028s9999 xx 000 0 eng d a486-60507-8 cIIA Library a535.33bBLA aBlakman, R. B.910683 4aThe measurement of power spectra : from the point of view of communications engineeringcR.B. Blackman and J.W. Tukey. aNew YorkbDover Publicationsc1958 ax, 190p. aAcoustics92250 aCommunication Engineering93904 aNASA Thesaurus aPower Spectra93749 aTukey, J. W.910684 cBK c6207d6207 00104070aBANbBANcGENd1979-04-07l0o535.33/ BLAp6920r2021-11-05w1979-04-07yBK 3.00